header

Android user interface development (Record no. 138786)

MARC details
000 -LEADER
fixed length control field 01266nam a2200301Ia 4500
100 1# - MAIN ENTRY--AUTHOR NAME
Personal name Morris, Jason.
245 10 - TITLE STATEMENT
Title Android user interface development
260 ## - PUBLICATION, DISTRIBUTION, ETC. (IMPRINT)
Place of publication Birmingham, UK :
Name of publisher Packt Open Source,
Year of publication c2011.
300 ## - PHYSICAL DESCRIPTION
Number of Pages vi, 287 p. :
Other physical details ill.
500 ## - GENERAL NOTE
General note Includes index.
650 #0 - SUBJECT ADDED ENTRY--TOPICAL TERM
Topical Term Android (Electronic resource)
Topical Term User interfaces (Computer systems)
Topical Term Application software
856 40 - ELECTRONIC LOCATION AND ACCESS
Uniform Resource Identifier http://site.ebrary.com/lib/rucke/Doc?id=10450983

No items available.

© 2026 Rongo University
Contact us: librarian | system librarian | Rongo university